000
00272nam a2200109Ia 4500
008
200302s9999 xx 000 0 und d
100
_a
Lucinda Becker and Others
245
_a
Publishing journal articles
260
_b
Sage Publications Inc.
260
_c
2012
300
_a
141
999
_c
7436
_d
7436